书目信息 |
| 题名: |
测绘工程导论
|
|
| 作者: | 朱爱民 , 赵斌臣 主编 | |
| 分册: | ||
| 出版信息: | 北京 国防工业出版社 2006.08 |
|
| 页数: | 147页 | |
| 开本: | 23cm | |
| 丛书名: | ||
| 单 册: | ||
| 中图分类: | TB2 | |
| 科图分类: | ||
| 主题词: | 工程--gong cheng--测绘 | |
| 电子资源: | ||
| ISBN: | 7-118-04669-8 | |
| 000 | 00899nam0 2200241 450 | |
| 001 | 012006314067 | |
| 005 | 20061127103118.67 | |
| 010 | @a7-118-04669-8@dCNY18.00 | |
| 100 | @a20061027d2006 km y0chiy0120 ea | |
| 101 | 0 | @achi |
| 102 | @aCN@b110000 | |
| 105 | @aa a 000yy | |
| 200 | 1 | @a测绘工程导论@Ace hui gong cheng dao lun@f朱爱民, 赵斌臣主编@Fzhu ai min,zhao bin chen zhu bian |
| 210 | @a北京@c国防工业出版社@d2006.08 | |
| 215 | @a147页@c图@d23cm | |
| 320 | @a有书目 (第147页) | |
| 330 | @a本书共10章,以测绘工程的基本概念、基础知识为主要内容,旨在使测绘工程专业的学生了解测绘工程的历史、现状、发展情况及专业教学安排与学习方法,了解测绘工程的基本理论知识,为以后的专业课学习打下良好的基础。 | |
| 606 | 0 | @a工程@Agong cheng@x测绘 |
| 690 | @aTB2@v4 | |
| 701 | 0 | @a朱爱民@Azhu ai min@4主编 |
| 701 | 0 | @a赵斌臣@Azhao bin chen@4主编 |
| 801 | 0 | @aCN@c20061127 |
| 905 | @a10447@dTB2@eZ834 | |
| 测绘工程导论/朱爱民, 赵斌臣主编.-北京:国防工业出版社,2006.08 |
| 147页:图;23cm |
| ISBN 7-118-04669-8:CNY18.00 |
| 本书共10章,以测绘工程的基本概念、基础知识为主要内容,旨在使测绘工程专业的学生了解测绘工程的历史、现状、发展情况及专业教学安排与学习方法,了解测绘工程的基本理论知识,为以后的专业课学习打下良好的基础。 |
| ● |
| 相关链接 |
|
|
|
正题名:测绘工程导论
索取号:TB2/Z834
 
预约/预借
| 序号 | 登录号 | 条形码 | 馆藏地/架位号 | 状态 | 备注 |
| 1 | 223660 | 202236605 | 自科库501/501自科库 4排4列5层/ [索取号:TB2/Z834] | 在馆 | |
| 2 | 223661 | 202236614 | 自科库501/501自科库 4排4列5层/ [索取号:TB2/Z834] | 在馆 | |
| 3 | 223662 | 202236623 | 自科库501/501自科库 4排4列5层/ [索取号:TB2/Z834] | 在馆 |